[Event "Regionalliga SO 9798"]
[Site "Bayern"]
[Date "1998.??.??"]
[Round "?.4"]
[White "Riehl, Joerg"]
[Black "Peter, Christian"]
[Result "0-1"]
[WhiteElo "2010"]
[BlackElo "2050"]
[PlyCount "68"]
[EventDate "1997.10.19"]
[EventType "team-tourn"]
[EventRounds "9"]
[EventCountry "GER"]
[SourceTitle "EXT 2020"]
[Source "ChessBase"]
[SourceDate "2019.10.17"]
[SourceVersion "1"]
[SourceVersionDate "2019.10.17"]
[SourceQuality "1"]
[WhiteTeam "Fuerstenfeldbruck TuS"]
[BlackTeam "Ebersberg Grafing"]
[WhiteTeamCountry "GER"]
[BlackTeamCountry "GER"]

1. Nf3 Nf6 2. d4 g6 3. c4 Bg7 4. Nc3 0-0 5. e4 d6 6. Be2 e5 7. Be3 Ng4 8. Bg5 f6 9. Bh4 g5 10. Bg3 Nh6 11. Qd2 Nf7 12. dxe5 fxe5 13. h4 g4 14. Nh2 h5 15. f3 Bh6 16. Qd1 Bf4 17. Nf1 c6 18. Bf2 Qf6 19. fxg4 Nh6 20. g5 Bxg5 21. Bf3 Bf4 22. Bxh5 Na6 23. g3 Bc1 24. Qxc1 Qxf2+ 25. Kd1 Qxf1+ 26. Rxf1 Rxf1+ 27. Kd2 Rxc1 28. Rxc1 Bg4 29. Bxg4 Nxg4 30. Rf1 Rf8 31. Rf5 Nh6 32. Rg5+ Kh7 33. Ke2 Nc5 34. Rh5 Ne6 0-1

[Event "Regionalliga SO 9798"]
[Site "Bayern"]
[Date "1997.??.??"]
[Round "?.5"]
[White "Danzer, George"]
[Black "Riehl, Joerg"]
[Result "0-1"]
[WhiteElo "1750"]
[BlackElo "2010"]
[PlyCount "100"]
[EventDate "1997.10.19"]
[EventType "team-tourn"]
[EventRounds "9"]
[EventCountry "GER"]
[SourceTitle "EXT 2020"]
[Source "ChessBase"]
[SourceDate "2019.10.17"]
[SourceVersion "1"]
[SourceVersionDate "2019.10.17"]
[SourceQuality "1"]
[WhiteTeam "Dorfen PSV"]
[BlackTeam "Fuerstenfeldbruck TuS"]
[WhiteTeamCountry "GER"]
[BlackTeamCountry "GER"]

1. Nf3 d5 2. c4 c6 3. e3 Nf6 4. b3 Bf5 5. Bb2 e6 6. Be2 h6 7. 0-0 Be7 8. Nc3 0-0 9. Rc1 Re8 10. cxd5 exd5 11. Na4 Nbd7 12. d4 Ne4 13. Ne5 Bd6 14. f4 Bb4 15. Nc3 f6 16. Bh5 fxe5 17. Bxe8 Qxe8 18. fxe5 Bxc3 19. Bxc3 Qg6 20. Rf4 Ng5 21. Kh1 Nf8 22. h4 Ne4 23. Qf3 Ne6 24. g4 Bxg4 25. Rxg4 Qxg4 26. Qxg4 Nf2+ 27. Kg2 Nxg4 28. Kf3 h5 29. Bb4 Rd8 30. Rc2 Rd7 31. Be1 Rf7+ 32. Ke2 Kh7 33. b4 Kg6 34. a4 a6 35. Rb2 Nc7 36. Rc2 Kf5 37. Kd3 g5 38. Rg2 Kg6 39. Ke2 Ne6 40. Bg3 Ng7 41. hxg5 Kxg5 42. Bf4+ Kg6 43. Rg1 Ne6 44. Bg3 Ng5 45. Rg2 Ne4 46. Bh4 Nc3+ 47. Kd2 Nxa4 48. e6 Rf3 49. e7 Kf7 50. Bg5 Rf2+ 0-1